00822nam a22002057a 450000500170000000800410001702000190005804000480007704100080012510000200013324500870015326000410024030000380028150001470031950400530046665000390051965000150055865000140057365000290058720220328081652.0220328s2013 njua|||gr|||| 00| 0 eng d a 9789814407564 aCO-BoUCMbspacDeissy GarciadDeissy Garcia0 aeng1 aHattori, Harumi10aPartial differential equationsbmethods, applications and theoriescHarumi Hattori aNueva JerseybWorld Scientificc2013 axvi, 375 páginasbilustraciones aBibliografía Básica - Escuela de Ingeniería, Ciencia y Tecnología - Pregrado en Matemáticas Aplicadas y Ciencias de la Computación aIncluye referencias bibliográficas e índices 7aEcuaciones diferenciales parciales 7aEcuaciones 7aFunciones 7aMatemáticasxCálculo